000 00752nam a2200241 i 4500
001 bg
100 1 _aRogowska, Aleksandra.
245 1 0 _aSynestezja /
_cAleksandra Rogowska.
260 _aOpole :
_bOficyna Wydawnicza Politechniki Opolskiej,
_c2007.
300 _a[2], 194 s., [2] k. tabl. :
_bil. (w tym kolor.) ;
_c24 cm.
490 1 _aStudia i Monografie / Politechnika Opolska,
_x1429-6063 ;
_vz. 208
504 _aBibliogr. s. 173-185.
546 _aStreszcz. ang.
650 9 _aSynestezja
830 0 _aStudia i Monografie - Politechnika Opolska
_vz. 208
015 _aPB 9703/2008
040 _cBPK
041 0 _apol
_beng
044 _aPOL
080 _a159.93:612.84/.88
942 _cKS
008 080407s2007 pl a |000 0 pol
999 _c55324
_d55324
856 _uhttp://koha.tu.koszalin.pl/cgi-bin/koha/opac-detail.pl?biblionumber=55324
_yKatalog online BPK